000 00447nam a22001817a 4500
003 MPLRDC
005 20220104142424.0
008 210129b ||||| |||| 00| 0 eng d
020 _a957-9279-37-3
082 _a848.2 LY-16
100 _a刘墉著
245 _a在灵魂居住的地方
_c
250 _a初版
260 _a
_b水云斋文化事业有限公司
_c1997
300 _b
650 _a现代别集
942 _cBK
_o848.2 LY-16
999 _c30783
_d30773